000 01246 a2200229 4500
003 Nust
005 20241115141226.0
010 _a 94031267
020 _a0815513682 (cloth)
040 _cNust
082 0 0 _a621.382,LIN
100 1 _aLinfield, R. F.
_9104468
245 1 0 _aTelecommunications :
_bpresent status and future trends /
_cRobert F. Linfield.
260 _aPark Ridge, N.J., U.S.A. :
_bNoyes Data,
_cc2005.
300 _aix, 169 p. :
_bill., map ;
_c27 cm.
440 0 _aAdvanced computing and telecommunications series
_9104469
505 _aIntroduction (Page-1), The Coming of the Information Age (Page-11), The Promise of Advanced Technology (Page-14), The Role of Government and Standards (Page-46), The Impact of Market Forces and User Needs (Page-66), The Emergence of New Products Systems and Services (Page-72), The Evolution of Networks (Page-82), LANs MANs and WANs (Page-92), Advanced Network Architectures (Page-101), The Critical Trends and Issues (Page-123).
650 0 _aTelecommunications engineering.
_958485
856 4 2 _3Publisher description
_uhttp://www.loc.gov/catdir/description/wap041/94031267.html
856 4 2 _3Table of contents
_uhttp://www.loc.gov/catdir/toc/wap041/94031267.html
942 _2ddc
_cBK
999 _c182534
_d182534